000 00328nam a2200145Ia 4500
999 _c14196
_d14196
003 OSt
005 20260210180912.0
008 260210s9999 xx 000 0 und d
020 _a9781682866528
082 _a577
100 _aClarke
245 0 _aEcology and Environmental Science
260 _bSyrawood
942 _cBPLAN
_2ddc